| 000 | 00571nam a22002177a 4500 | ||
|---|---|---|---|
| 001 | sjds | ||
| 003 | sjds | ||
| 005 | 20230212213932.0 | ||
| 008 | 230212b |||||||| |||| 00| 0 spa d | ||
| 020 | _a9789580425151 | ||
| 020 | _a9580425159 | ||
| 020 | _a7706894224432 | ||
| 040 | _csjds | ||
| 041 | _aspa | ||
| 100 | 1 | _aGarcia Marquez, Gabriel | |
| 245 | 1 | 0 |
_aCronica de una muerte anunciada / _cGabriel Garcia Marquez |
| 260 |
_aBarcelona : _bGrupo Editorial Norma, _c2001 |
||
| 300 |
_a104, 78 pages ; _c19 cm |
||
| 440 | _a Coleccion Cara y cruz | ||
| 942 | _cBK | ||
| 999 |
_c28044 _d28044 |
||